ბათუმის შოთა რუსთაველის სახელმწიფო უნივერსიტეტის ბიბლიოთეკა

ბიზნესის მართვის კლასტერული პოლიტიკა : (ბიბ.ჩანაწერი № 54869)

000 -ლიდერი
ფიქსირებული სიგრძის საკონტროლო ველი 01663nam a2200313Ia 4500
001 - საკონტროლო ნომერი
საკონტროლო ველი 21938
003 - საკონტროლო ნომრის იდენტიფიკატორი
საკონტროლო ველი GE_BSU
005 - ბოლო ოპერაციის თარიღი და დრო
საკონტროლო ველი 20220830135102.0
008 - ფიქსირებული სიგრძის მონაცემთა ელემენტები - ზოგადი ინფორმაცია
ფიქსირებული სიგრძის საკონტროლო ველი 181216s ||||ge |||||||||||||| ||geo||
020 ## - წიგნის საერთაშორისო სტანდარტული ნომერი
International Standard Book Number 9789941200564
040 ## - კატალოგიზაციის წყარო
Transcribing agency GE_BSU
041 ## - ენის კოდი
Language code of text/sound track or separate title geo
080 ## - უნივერსალური ათობითი კლასიფიკაციის ინდექსი
Universal Decimal Classification number 338.22(075.8) : 005.511 ბ-25
100 ## - მთავარი ჩანაწერი - პიროვნების სახელი
Personal name ბარათაშვილი, ე.
9 (RLIN) 10765
245 ## - ცნობა სათაურის შესახებ
Title ბიზნესის მართვის კლასტერული პოლიტიკა :
Remainder of title სახელმძღვანელო /
Statement of responsibility, etc ე. ბარათაშვილი, ნ. ფარესაშვილი, თ. აბრალავა ; სამეცნ. რედ. ე. ხარაიშვილი.
264 ## - წარმოების, გამოცემის, დისტრიბუციის და სხვა ცნობები
გამოცემის, წარმოების, დისტრიბუციის... ადგილი თბილისი :
გამოცემის, წარმოების, დისტრიბუციის... სახელწოდება ტექნ. უნ-ტი,
გამოცემის, წარმოების, დისტრიბუციის... თარიღი 2012.
300 ## - ფიზიკური აღწერა
Extent 304 გვ. :
Other physical details ცხრ. ;
Dimensions 20 სმ.
504 ## - BIBLIOGRAPHY, ETC. NOTE
Bibliography, etc ბიბლიოგრაფია ტექსტის შენიშვნებში და გვ. : 296-301
653 ## - INDEX TERM--UNCONTROLLED
Uncontrolled term ბიზნესის მართვა
653 ## - INDEX TERM--UNCONTROLLED
Uncontrolled term ბიზნესის მართვის კლასტერული პოლიტიკა
653 ## - INDEX TERM--UNCONTROLLED
Uncontrolled term ეკონომიკა
653 ## - INDEX TERM--UNCONTROLLED
Uncontrolled term მენეჯმენტი
700 ## - ADDED ENTRY--PERSONAL NAME
Personal name ფარესაშვილი, ნ.
Relator term ავტორი
9 (RLIN) 14561
700 ## - ADDED ENTRY--PERSONAL NAME
Personal name აბრალავა, თ.
Relator term ავტორი
9 (RLIN) 14562
700 ## - ADDED ENTRY--PERSONAL NAME
Personal name ხარაიშვილი, ე.
Relator term რედაქტორი
9 (RLIN) 14563
710 ## - ADDED ENTRY--CORPORATE NAME
Corporate name or jurisdiction name as entry element საქართველოს ტექნიკური უნივერსიტეტი
9 (RLIN) 14564
942 ## - ADDED ENTRY ELEMENTS (KOHA)
Koha item type წიგნი
Source of classification or shelving scheme
ეგზემპლარები
ჩამოწერის სტატუსი დაკარგული ეგზემპლარის სტატუსი კლასიფიკაციის წყარო ან თაროზე გაწყობის სქემა დაზიანების სტატუსი არ გაიცემა მუდმივი მდებარეობა (დაცვის ადგილი) ამჟამინდელი ადგილსამყოფელი თაროზე განთავსების ადგილი შეძენის თარიღი ღირებულება, შესყიდვის ნორმალური ფასი სრული შენახვის შიფრი შტრიხკოდი ბოლო ოპერაციის თარიღი ეგზემპლარის მიმდევრობითი ნომერი (კეტერი?) ფასის ძალაში შესვლის თარიღი ეგზემპლარის სახეობა საჯარო შენიშვნა
          ბათუმის შოთა რუსთაველის სახელმწიფო უნივერსიტეტის მთავარი ბიბლიოთეკა ბათუმის შოთა რუსთაველის სახელმწიფო უნივერსიტეტის მთავარი ბიბლიოთეკა წიგნსაცავი 2018-12-17 10.00 338.22(075.8) : 005.511 ბ-25 56664 2018-12-17 56664 2018-12-17 წიგნი 10.00 ₾.